000 00275nam a2200133Ia 4500
100 _aVenkateswarlu/N.B
650 _aComputers
942 _cBK
245 _aUnix/Linux/FAQ with tips
260 _bBS Publication
_c2007
300 _a230
546 _aENGLISH
999 _c20557
_d20557